Normal view
MARC view
- Wheelen, Thomas L., J. David Hunger, Alan N. Hoffman, Charles E. Bamford
Entry Personal Name
001 - CONTROL NUMBER
- control field: 5905
003 - CONTROL NUMBER IDENTIFIER
- control field: JO-AjAnu
005 - DATE AND TIME OF LATEST TRANSACTION
- control field: 20230606071247.0
008 - FIXED-LENGTH DATA ELEMENTS
- fixed length control field: 230606|| aca||aabn | a|a d
040 ## - CATALOGING SOURCE
- Original cataloging agency: JO-AjAnu
- Transcribing agency: JO-AjAnu
100 ## - HEADING--PERSONAL NAME
- Personal name: Wheelen, Thomas L., J. David Hunger, Alan N. Hoffman, Charles E. Bamford
670 ## - SOURCE DATA FOUND
- Source citation: Work cat.: (JO-AjAnu)3061: Wheelen, Thomas L., J. David Hunger, Alan N. Hoffman, Charles E. Bamford , author, Startegic Management and Business Policy: Globalization, Innovation and Sustainability